000 00582nmm a2200169Ia 4500
008 251105s9999||||xx |||||||||||||||||und||
020 _a9789587384314
041 _aspa
100 _aGómez, Carlos Miguel
245 0 _aLa religión en la sociedad postsecular : Transformación y relocalización de lo religioso en la modernidad tardía
264 _a[Bogotá, Colombia] :
_bUniversidad del Rosario,
_c2014
300 _a214 páginas
490 _aTextos de Ciencias Humanas
650 _aReligion(s)
856 _uhttps://public.digitaliapublishing.com/a/46387
942 _cCF
999 _c95777
_d95777